000
00329nam a2200133Ia 4500
008
240624s9999 xx 000 0 und d
041
_a
eng
082
_a
200 SHA
100
_a
SHANKAR SRI SRI RAVI
245
_a
GOD LOVES FUN
260
_c
2006
_a
Mumbai
_b
Jaico Publishing House
300
_a
104 : p. : cm. ; 21
365
_c
RS
_b
20
999
_c
4448
_d
4448